000 nam a22 a 4500
999 _c451919
_d451919
003 BLK
005 20220406092702.0
008 190712b bu |||||r|||| 00| |abu d
020 _a9786197404272
040 _aBLK
041 _aBUL
_cBUL
080 _aЕкслибриси. Собствени книжни знаци. Знаци за произхода на книгата. Вж и Екслибрис като приложна графика 766:097;Колекции от екслибриси 769. 3:097
_b097
_x097:061.41(497.215)(083.824)
_z097:061.41(497.215)(083.824)
080 _aЕскизи за екслибриси
_b766:097
_x:061.41(497.215)(083.824)
_z766:097:061.41(497.215)(083.824)
110 _9472764
_aМеждународен конкурс Ex Libris, ХVІІ. Русе, 2021
139 _aМеждународен конкурс Ex Libris, ХVІІ. Русе, 2021
_bМ 45
245 _aEx Libris - Ex Trains
_bМеждунар. конкурс за екслибрис, XVIІ, Русе, 2021 : Каталог
246 _aXVIІ International Ex Libris Competition Ex Libris - Ex Trains 2021
260 _9212696
_aРусе
_bРегион. библ. Любен Каравелов
_c2021
300 _a316 с.
_bс цв. и черно-бели ил.
_c16х17 см
380 _a0
500 _aКонкурсът се провежда под патронажа на Мин. на културата на Република България. - Паралелен текст на англ. ез.
650 7 _9154498
_aЕкслибриси - изложби - каталози
852 _aЦб І 41024
_bО
852 _bК
_cК 0/М 45
942 _cKNG
_n0
_s1
944 _aCR
_c2022-04-04
_kСТ